00346nam a2200121 a 450000500170000000800410001705000190005810000160007724500320009326000500012550000200017552000290019520140513081056.0070905s19uu xx 00 eng d aDVDbYo67 2005 aLucado, Max aYou are mine /cMax Lucado. aPhilippines :bLighthouse educational,c2005. aApprox 60 mins. aA story about Confidence